Die 10 größten Städte und Gemeinden in Kärnten - Statistiken

Allgemein
  • Dieses Quiz wurde 256 mal gespielt
  • Das Durchschnittsergebnis liegt bei 7 aus 10
Antwortstatistiken
Platz Stadt % Korrekt
1 Klagenfurt am Wörthersee
100%
2 Villach
99%
4 Spittal an der Drau
87%
3 Wolfsberg
84%
6 St. Veit an der Glan
76%
5 Feldkirchen in Kärnten
74%
7 Völkermarkt
69%
10 Velden am Wörther See
43%
8 St. Andrä
29%
9 Finkenstein am Faaker See
11%
Keine übereinstimmenden Quizze gefunden
Verteilung der Resultate
Anzahl Personen mit jedem Resultat
Perzentil nach korrekt beantworteten Fragen
Ihre Resultats-Entwicklung
Sie haben dieses Quiz noch nicht gespielt